| 000 | 01161nam a22003377a 4500 | ||
|---|---|---|---|
| 003 | CHAP | ||
| 005 | 20220329140654.0 | ||
| 008 | 971013s1969 r 00010 d | ||
| 010 | _a55772 | ||
| 011 | _a56744 | ||
| 035 | _a60897 | ||
| 040 | _cCHAP | ||
| 090 | _aFolleto 1375 | ||
| 100 | 0 | 0 |
_aZabala, Santiago. _9123371 |
| 245 | _aVariedades de vides híbridas introducidas últimamente en Tucumán y su resistencia a enfermedades | ||
| 260 |
_aTucumán : _bUniversidad Nacional de Tucumán. Facultad de Agronmía y Zootecnia, _c1969 |
||
| 300 |
_a10 p. _b: ilus. |
||
| 490 |
_aMiscelánea _v; 32 |
||
| 590 |
_aBATCH-UPD _b10 _c20130110 _lUCH01 _h1030 |
||
| 590 |
_aBATCH-UPD _b10 _c20130410 _lUCH01 _h0633 |
||
| 590 |
_aBATCH-UPD _b10 _c20130914 _lUCH01 _h1820 |
||
| 590 |
_aCONVERSION _b10 _c20130109 _lUCH01 _h1330 |
||
| 650 | 1 | 4 |
_aVid. _9119097 |
| 650 | 1 | 4 |
_aVid _xEnfermedades. _9119108 |
| 830 | 0 |
_aMiscelánea _v; 32 _976171 |
|
| 901 | _aBK | ||
| 942 | _cFOLL | ||
| 949 |
_aFolleto 1375 _bBC _cFOLL _d-131008 _eTS1 _i60897 _si |
||
| 949 |
_aFolleto 1375 _bBC _cFOLL _d-131009 _eTS2 _fc.2 _i60897 _si |
||
| 949 |
_aFolleto 1375 _bBC _cFOLL _d-131010 _eTS2 _fc.3 _i60897 _si |
||
| 999 |
_c55772 _d55772 |
||